000
00341nam a2200145Ia 4500
008
221030s9999 xx 000 0 und d
020
_a
8121920590
041
_a
English
100
_a
D. S. Hira
245
0
_a
System Simulation
_c
by D. S. Hira
260
_b
S. Chand & Co.
_a
New Delhi
_c
2014
300
_a
296
650
_a
IT
942
_c
BK
999
_c
15666
_d
15666